|
|
|
|
| LEADER |
01610nam a22003377a 4500 |
| 001 |
39669 |
| 003 |
BD-DhAAL |
| 008 |
220922t2020 enk b 001|0|eng|d |
| 999 |
|
|
|c 44567
|d 44567
|
| 020 |
|
|
|a 9781800208421
|
| 040 |
|
|
|a BD-DhAAL
|c BD-DhAAL
|
| 082 |
|
|
|a 006.35
|2 23
|
| 245 |
|
|
|a The natural language processing workshop :
|b confidently design and build your own NLP projects with this easy-to-understand practical guide /
|c Rohan Chopra ... [et al.].
|
| 250 |
|
|
|a Second edition.
|
| 260 |
|
|
|a Birmingham :
|b Packt Publishing,
|c c2020.
|
| 300 |
|
|
|a vi, 422 pages :
|b illustrations ;
|c 24 cm.
|
| 500 |
|
|
|a Includes index.
|
| 526 |
|
|
|a CSE
|
| 541 |
|
|
|a Book Finder International
|e 39669, 39670
|
| 650 |
|
|
|a Natural language processing (Computer science).
|9 51540
|
| 650 |
|
|
|a Computer science.
|9 51541
|
| 700 |
|
|
|a Chopra, Rohan,
|e author.
|9 51542
|
| 700 |
|
|
|a Godbole, Aniruddha M.,
|e author.
|9 51543
|
| 700 |
|
|
|a Sadvilkar, Nipun,
|e author.
|9 51544
|
| 700 |
|
|
|a Shah, Muzaffar Bashir,
|e author.
|9 51545
|
| 700 |
|
|
|a Ghosh, Sohom,
|e author.
|9 51546
|
| 700 |
|
|
|a Gunning, Dwight,
|e author.
|9 51547
|
| 852 |
|
|
|a Ayesha Abed Library
|c General Stacks
|
| 942 |
|
|
|2 ddc
|c BK
|
| 952 |
|
|
|0 0
|1 0
|2 ddc
|4 0
|6 006_350000000000000_NAT
|7 0
|9 71812
|a BRACUL
|b BRACUL
|c GEN
|d 2022-09-11
|e Book Finder International
|g 3175.50
|l 3
|m 9
|o 006.35 NAT
|p 3010039670
|q 2026-05-21
|r 2026-05-14
|s 2026-05-14
|t 2
|v 3175.50
|w 2022-09-11
|y BK
|
| 952 |
|
|
|0 0
|1 0
|2 ddc
|4 0
|6 006_350000000000000_NAT
|7 0
|9 71813
|a BRACUL
|b BRACUL
|c GEN
|d 2022-09-11
|e Book Finder International
|g 3175.50
|l 1
|m 1
|o 006.35 NAT
|p 3010039669
|r 2026-01-06
|s 2025-12-22
|t 1
|v 3175.50
|w 2022-09-11
|y BK
|